Linear programming : (Record no. 199337)
[ view plain ]
| 000 -LEADER | |
|---|---|
| fixed length control field | 00691nam a2200229Ia 4500 |
| 003 - CONTROL NUMBER IDENTIFIER | |
| control field | OSt |
| 005 - DATE AND TIME OF LATEST TRANSACTION | |
| control field | 20241106101311.0 |
| 008 - FIXED-LENGTH DATA ELEMENTS--GENERAL INFORMATION | |
| fixed length control field | 210716s1971 xx 000 0 und d |
| 020 ## - INTERNATIONAL STANDARD BOOK NUMBER | |
| International Standard Book Number | 0070994250 |
| 040 ## - CATALOGING SOURCE | |
| Transcribing agency | AIMIT LIBRARY |
| 041 ## - LANGUAGE CODE | |
| Language code of text/sound track or separate title | eng |
| 082 ## - DEWEY DECIMAL CLASSIFICATION NUMBER | |
| Classification number | 519.7 |
| Edition number | 1 |
| Item number | LOON |
| 100 ## - MAIN ENTRY--PERSONAL NAME | |
| Personal name | Loomba, N Paul. |
| 9 (RLIN) | 184310 |
| 245 ## - TITLE STATEMENT | |
| Title | Linear programming : |
| Remainder of title | introductory analysis / |
| Statement of responsibility, etc. | By N Paul Loomba. |
| 250 ## - EDITION STATEMENT | |
| Edition statement | 1st ed. |
| 260 ## - PUBLICATION, DISTRIBUTION, ETC. | |
| Place of publication, distribution, etc. | New Delhi : |
| Name of publisher, distributor, etc. | Tata Mc Graw Hill Publishing Company , |
| Date of publication, distribution, etc. | 1971. |
| 300 ## - PHYSICAL DESCRIPTION | |
| Extent | xvi,284p. ; |
| Other physical details | PB |
| Dimensions | 22.5 cm |
| 650 ## - SUBJECT ADDED ENTRY--TOPICAL TERM | |
| Topical term or geographic name entry element | The graphical method |
| 9 (RLIN) | 184311 |
| 650 ## - SUBJECT ADDED ENTRY--TOPICAL TERM | |
| Topical term or geographic name entry element | Matrices and vectors |
| 9 (RLIN) | 184312 |
| 650 ## - SUBJECT ADDED ENTRY--TOPICAL TERM | |
| Topical term or geographic name entry element | The dual |
| 9 (RLIN) | 184313 |
| 942 ## - ADDED ENTRY ELEMENTS (KOHA) | |
| Source of classification or shelving scheme | Dewey Decimal Classification |
| Koha item type | Book |
| Edition | 1st |
| Call number prefix | 519.7 LOON |
| Withdrawn status | Lost status | Source of classification or shelving scheme | Damaged status | Not for loan | Collection code | Home library | Current library | Date acquired | Cost, normal purchase price | Inventory number | Total Checkouts | Full call number | Barcode | Date last seen | Cost, replacement price | Price effective from | Koha item type |
|---|---|---|---|---|---|---|---|---|---|---|---|---|---|---|---|---|---|
| Dewey Decimal Classification | MBA | St Aloysius Institute of Management & Information Technology | St Aloysius Institute of Management & Information Technology | 08/29/2005 | 135.00 | Bill no:952; Bill dt:2005-08-22 | 519.7 LOON | MBA01902 | 05/23/2026 | 108.00 | 07/16/2021 | Book |